| 000 | 00332nam a22001457a 4500 | ||
|---|---|---|---|
| 999 |
_c529769 _d529769 |
||
| 003 | NUST | ||
| 020 |
_a9781409120841 _qP/B. |
||
| 038 | _awaseem | ||
| 082 |
_a813.6 _bMOS |
||
| 100 |
_aMosse, Kate _922530 |
||
| 245 |
_aCitadel / _cKate Mosse |
||
| 260 |
_aU.K : _bOrion Publications, _c2012. |
||
| 300 | _a926 p. ; | ||
| 942 |
_2ddc _cBK |
||